UK History Picture Quiz - C - Statistics

General Stats
  • This quiz has been taken 557 times
  • The average score is 10 of 15
Answer Stats
Picture Hint Answer % Correct
Sport that dates back to 16th century Cricket
98%
The main story of 2020 Coronavirus
97%
Home to the 2nd oldest university Cambridge
95%
PM that started Brexit David {Cameron}
94%
Highways of the early Industrial revolution Canals
81%
Supersonic aircraft retired in 2003 Concorde
81%
Volcanic columns formed 60m years ago Giant's {Causeway}
81%
Ceremony held since 17th century Trooping the {Colour}
75%
Pioneers of Punk Rock The {Clash}
66%
One side of the English Civil War Cavaliers
60%
Tourism Pioneer Thomas {Cook}
59%
Fashion street of the 1960's {Carnaby} Street
54%
Volcanic plug in Edinburgh {Castle} Rock
30%
Overseas Territory settled in 1670 Cayman Islands
23%
King of Gwynedd, whose symbol was a red dragon Cadwaladr
4%
No matching quizzes found
Score Distribution
Percent of People with Each Score
Percentile by Number Answered
Your Score History
You have not taken this quiz